000 00428nam a2200169Ia 4500
008 230711s9999||||xx |||||||||||||| ||und||
020 _a978-0-07-066912-3
041 _aENG
082 _a4
_bLI-D
100 _aLipschutz ,Seymour
245 0 _aDiscrete Mathematics
250 _a3rd Ed.
260 _c2010
_aNew Delhi
_bTata McGraw Hill Education Limited
650 _aMathematics
700 _aLipson,Marc Lars
942 _cBK
999 _c5081
_d5081